000 00453ntaaa2200169 4500
003 01
005 20251027202437.0
008 0714s1973 ag 01
040 _aAR-BaBN
_bspa
_cAR-BaBN
_eaacr
_dRIC
082 _a266.0000 H65
100 _aHocking, William Ernest
_98294
245 _aRe-thinking missions; a layman's inquiry after 100 years.
250 _a1 ed. :
_bHarper and Bro.,
_cc/932
300 _axv, 349 p.
650 _aMisiones
942 _cBK
999 _c19413
_d19413